Library and Information Association Journal Volume 3 Number 1&2 2016 (Record no. 49170)

MARC details
000 -LEADER
fixed length control field 00820nam a2200169 a 4500
008 - FIXED-LENGTH DATA ELEMENTS--GENERAL INFORMATION
fixed length control field 210325s2016 ||||||||||||||||| || u
050 ## - LIBRARY OF CONGRESS CALL NUMBER
Classification number LIAZ(05)LIAZJ/2016/3/1&2
110 ## - MAIN ENTRY--CORPORATE NAME
Corporate name or jurisdiction name as entry element Library and Information Association of Zambia(LIAZ)
245 10 - TITLE STATEMENT
Title Library and Information Association Journal Volume 3 Number 1&2 2016
Statement of responsibility, etc. By Library and Information Association of Zambia(LIAZ)
260 ## - PUBLICATION, DISTRIBUTION, ETC.
Place of publication, distribution, etc. Lusaka
Name of publisher, distributor, etc. Library and information Association of Zambia(LIAZ)
Date of publication, distribution, etc. 2016
300 ## - PHYSICAL DESCRIPTION
Extent iv, 75 pages : illustrations
650 ## - SUBJECT ADDED ENTRY--TOPICAL TERM
Topical term or geographic name entry element LIBRARIES--ZAMBIA--PERIODICALS
650 ## - SUBJECT ADDED ENTRY--TOPICAL TERM
Topical term or geographic name entry element LIBRARY AND INFORMATION ASSOCIATION OF ZAMBIA--PERIODICALS
650 ## - SUBJECT ADDED ENTRY--TOPICAL TERM
Topical term or geographic name entry element LIBRARIES
650 ## - SUBJECT ADDED ENTRY--TOPICAL TERM
Topical term or geographic name entry element LIBRARIES -- ZAMBIA
995 ## - RECOMMENDATION 995 [LOCAL, UNIMARC FRANCE]
-- CBU-MAIN LIBRARY (Kitwe)
-- 1
-- AVAILABLE
-- Oct 8, 2021
-- University Collection
Holdings
Withdrawn status Lost status Source of classification or shelving scheme Damaged status Not for loan Home library Current library Shelving location Date acquired Total Checkouts Full call number Barcode Date last seen Price effective from Koha item type
          CBU-MAIN LIBRARY, KITWE. CBU-MAIN LIBRARY, KITWE.   11/30/2022   LIAZ(05)LIAZJ/2016/3/1&2 B4539 11/30/2022 11/30/2022 MONOGRAPH